Central Library OPAC University of Rajshahi

Handbook of comparative public budgeting and financial management / (Record no. 57870)

MARC details
000 -LEADER
fixed length control field 00893nam a2200265 a 4500
001 - CONTROL NUMBER
control field 57870
003 - CONTROL NUMBER IDENTIFIER
rucl marc code BD-RjUL
005 - DATE AND TIME OF LATEST TRANSACTION
control field 20211209080548.0
008 - FIXED-LENGTH DATA ELEMENTS--GENERAL INFORMATION
fixed length control field 161219s1993 nyua b 001 0 eng
020 ## - INTERNATIONAL STANDARD BOOK NUMBER
International Standard Book Number 0824787730 (alk. paper)
035 ## - SYSTEM CONTROL NUMBER
System control number (BD-RjUL)57994
040 ## - CATALOGING SOURCE
Original cataloging agency DLC
Transcribing agency DLC
Modifying agency BD-RjUL
Language of cataloging eng
041 ## - LANGUAGE CODE
Language code of text/sound track or separate title eng
082 00 - DEWEY DECIMAL CLASSIFICATION NUMBER
Classification number 336
Edition number 23
Author mark and year HAN 1993
245 00 - TITLE STATEMENT
Title Handbook of comparative public budgeting and financial management /
Statement of responsibility, etc. edited by Thomas D. Lynch, Lawrence L. Martin.
260 ## - PUBLICATION, DISTRIBUTION, ETC. (IMPRINT)
Place of publication, distribution, etc. New York :
Name of publisher, distributor, etc. Marcel Dekker,
Date of publication, distribution, etc. c1993.
300 ## - PHYSICAL DESCRIPTION
Pagination x, 330 p. :
Illustrations ill. ;
Size 23 cm.
504 ## - BIBLIOGRAPHY, ETC. NOTE
Bibliography, etc Includes bibliographical references and index.
650 #0 - SUBJECT ADDED ENTRY--TOPICAL TERM
Topical term or geographic name as entry element Finance, Public.
9 (RLIN) 174680
Topical term or geographic name as entry element Budget.
9 (RLIN) 174681
700 1# - ADDED ENTRY--PERSONAL NAME
Personal name Lynch, Thomas Dexter,
Dates associated with a name 1942-
Personal name Martin, Lawrence L.
942 ## - ADDED ENTRY ELEMENTS (KOHA)
Source of classification or shelving scheme Dewey Decimal Classification
Koha item type Books
Holdings
Lost status Source of classification or shelving scheme Damaged status Not for loan Collection code Permanent Location Current Location Shelving location Date acquired Source of acquisition Cost, normal purchase price Total Checkouts Full call number Date last seen Copy number Koha item type
  Dewey Decimal Classification   Not For Loan Non-fiction Central Library, University of Rajshahi Central Library, University of Rajshahi Reading Room 09/02/2008 Dhaka,Paragon Enterprise Lit., 195.00   336 HAN 1993 19/12/2016 C-1 Books